000 00299cam a22001097a 4500
008 180718b-v- xxu||||| |||| 00| 0 eng d
082 _aA42x5432 C
100 _aHaryana. Legislative Department
245 _aThe Haryana code
260 _aChandigarh
_bThe author
_c-v-
500 _aLibrary has v.1.-v.8..
999 _c487553
_d487553